Kommunikációs eszközök alkalmazása a fiatal generáció közlekedésre nevelésében

Bibliográfiai részletek
Szerző: Bartos Anita
További közreműködők: Krasztev Dr. Péter
Dokumentumtípus: Záródolgozat
Kulcsszavak:Újságírás
Közlekedésfejlesztés
Smasrt Business Solution Kft.
Fiatalok
Online Access:http://dolgozattar.uni-bge.hu/14960

MARC

LEADER 00000nta a2200000 i 4500
001 dolg14960
005 20200623090354.0
008 180502suuuu hu o 000 hun d
040 |a BGE Dolgozattár Repozitórium  |b hun 
041 |a hu 
100 1 |a Bartos Anita 
245 1 0 |a Kommunikációs eszközök alkalmazása a fiatal generáció közlekedésre nevelésében  |c Bartos Anita  |h [elektronikus dokumentum] 
516 |a Final_paper 
695 |a Újságírás 
695 |a Közlekedésfejlesztés 
695 |a Smasrt Business Solution Kft. 
695 |a Fiatalok 
700 1 |a Krasztev Dr. Péter  |e ths 
856 4 0 |u http://dolgozattar.uni-bge.hu/14960/1/Bartos-Anita-Z%C3%A1r%C3%B3dolgozat.pdf  |z Dokumentum-elérés